00986cam a22002771 45000010008000000030006000080050017000140080041000310100017000720200054000890400018001430410011001610500024001720820022001961000038002182400061002562450095003172600049004123000018004615000043004795000020005226300041005426500044005837000045006277000036006723113570GBCCL20241126110422.0711124m19641976miu d 001 0 eng  a 64015136  a0802822509 (v. 8) :c18.50 (varies for each vol.) aDLCcDLCdDLC1 aengger00aBS2312b.K5813 196400a487.3a225.3bTHE1 aKittel, Gerhard,d1888-1948,eed.10aTheologisches Wörterbuch zum Neuen Testament.lEnglish10aTheological dictionary of the New Testament.cTranslator and editor: Geoffrey W. Bromiley. aGrand Rapids, Mich.,bEerdmanscc1964-c1976. a10 v.c25 cm. aVol. 5- edited by Gerhard Friedrich. aIncludes index.00aBible.pNew TestamentxDictionaries. 0aGreek language, BiblicalxDictionaries.1 aBromiley, Geoffrey William,eed. and tr.1 aFriedrich, Gerhard,d1908-eed.